LEADER 00505nab a2200145 i 4500 001 000000319042 003 CaOOAMICUS 005 20180831173259.0 008 180831n xx uu u0 0mul r 013 $a28665 040 $aSeMil$bita 245 10$aBiografia e bibliografia di P. Carlo Laudazi. 700 1 $aLaudazi, Carlo .$0(OLS)http://semarc/name/42266 773 0 $t[vedi periodico].$gp.[323]-341$w()276807 996 $6245$aBiografia e bibliografia di P. Carlo Laudazi.$9(OLS)http://semarc/title/392837 LEADER 00489naa a2200133 i 4500 001 000000329205 003 CaOOAMICUS 005 20180831173615.0 008 180831n it u000 u ita u 013 $a40855 040 $aSeMil$bita 245 10$aSperanza non alimentata. 773 0 $aAlbanesi, Vinicio$tPassioni.$dMilano : Paoline, 2008.$kScritture : percorsi critici attorno al testo biblico$z978-88-315-3482-6$gp.101-103$w()178199 996 $6245$aSperanza non alimentata$9(OLS)http://semarc/title/417714